01462nam a2200361Ia 4500001001200000003000800012006001900020007001500039008004100054010001700095020001500112020001800127040002100145035002100166050002300187082002400210100001700234245011400251260005100365300001400416490005300430504006400483533015200547650004100699650005700740650003400797655002900831700002800860710001700888830005200905856012600957999001701083ebr10288676CaPaEBRm u cr cn|||||||||820428s1982 ilu sb 001 0 eng d z 82008388  z0226116689 z9780226116686 aCaPaEBRcCaPaEBR a(OCoLC)64681016014aHG4636b.C7 1982eb04a332.63/222/07242191 aCragg, J. G.10aExpectations and the structure of share pricesh[electronic resource] /cJohn G. Cragg and Burton G. Malkiel. aChicago :bUniversity of Chicago Press,c1982. ax, 173 p.1 aA National Bureau of Economic Research monograph aIncludes bibliographical references (p. 167-169) and index. aElectronic reproduction.bPalo Alto, Calif. :cebrary,d2009.nAvailable via World Wide Web.nAccess may be limited to ebrary affiliated libraries. 0aStocksxPricesxMathematical models. 0aCorporate profitsxForecastingxMathematical models. 0aCapital assets pricing model. 7aElectronic books.2local1 aMalkiel, Burton Gordon.2 aebrary, Inc. 0aNational Bureau of Economic Research monograph.40uhttp://site.ebrary.com/lib/rucke/Doc?id=10288676zAn electronic book accessible through the World Wide Web; click to view c15509d15509